00686nam a2200205Ia 4500003000900000008004100009020001800050040001600068080001800084100002900102245008700131260002900218300001000247650002800257650004100285650002300326942000700349999001500356952010900371IN-BaIIA211028s9999 xx 000 0 eng d a0-85038-533-4 cIIA Library a621-52bCOI-1 aCoiffet, Philippe914199 0aModelling and controlcPhilippe Coiffet  aLondonbKogan Pagec1981 a160p. aAdaptive control914200 aAstronomy and astrophysics thesaurus aCybernetics914201 cBK c8476d8476 00104070aBANbBANcGENd1985-10-09l0o621-52/ COI-1p9340r2021-11-05w1985-10-09yBKGRs. UKP 22.50